Mammalian cytochromes P-450 / (Record no. 12069)
[ view plain ]
| 000 -LEADER | |
|---|---|
| fixed length control field | 00433pam a2200169 a 4500 |
| 020 ## - INTERNATIONAL STANDARD BOOK NUMBER | |
| ISBN | 0849366747 (v. 1) |
| 020 ## - INTERNATIONAL STANDARD BOOK NUMBER | |
| ISBN | 0849366755 (v. 2) |
| 040 ## - CATALOGING SOURCE | |
| Transcribing agency | DLC |
| 082 00 - DEWEY DECIMAL CLASSIFICATION NUMBER | |
| Classification number | 599 CRC 1987 A032 Or. |
| 245 00 - TITLE STATEMENT | |
| Title | Mammalian cytochromes P-450 / |
| 260 ## - PUBLICATION, DISTRIBUTION, ETC. (IMPRINT) | |
| Place of publication | Boca Raton, FL : |
| Name of publisher | CRC Press, |
| Year of publication | c1987. |
| 300 ## - PHYSICAL DESCRIPTION | |
| Number of Pages | 2 v. : |
| Other physical details | ill. ; |
| Dimensions | 27 cm. |
| 650 #0 - SUBJECT ADDED ENTRY--TOPICAL TERM | |
| Topical Term | Cytochrome P-450 |
| 650 #0 - SUBJECT ADDED ENTRY--TOPICAL TERM | |
| Topical Term | Mammals |
| 700 1# - ADDED ENTRY--PERSONAL NAME | |
| Personal name | Guengerich, F. Peter. |
| 942 ## - ADDED ENTRY ELEMENTS (KOHA) | |
| Koha item type | សៀវភៅភាសាអង់គ្លេស |
| 952 ## - LOCATION AND ITEM INFORMATION (KOHA) | |
| Withdrawn status [LOCAL, KOHA] | 0 |
| 952 ## - LOCATION AND ITEM INFORMATION (KOHA) | |
| Withdrawn status [LOCAL, KOHA] | 0 |
| 952 ## - LOCATION AND ITEM INFORMATION (KOHA) | |
| Withdrawn status [LOCAL, KOHA] | 0 |
| Permanent Location | Date acquired | Koha item type | Lost status | Shelving location | Barcode | Current Location | Full call number |
|---|---|---|---|---|---|---|---|
| Library Block A | 2017-08-09 | សៀវភៅភាសាអង់គ្លេស | A032 | A16095 | Library Block A | 599 CRC 1987 A032 Or. | |
| Library Block A | 2017-08-09 | សៀវភៅភាសាអង់គ្លេស | A032 | A17006 | Library Block A | 599 CRC 1987 A032 Or. | |
| Library Block A | 2017-08-28 | សៀវភៅភាសាអង់គ្លេស | A025 | A22515 | Library Block A | 599 CRC 1987 A025 Or. |